[Event "Taastrup Spil Naar Du Vil V"]
[Site "Taastrup"]
[Date "2010.05.06"]
[Round "6"]
[White "Foslund, Peter"]
[Black "Lindgaard, Jorn"]
[Result "0-1"]
[WhiteElo "1538"]
[BlackElo "1300"]
[PlyCount "78"]
[EventDate "2010.03.25"]
[EventType "swiss"]
[EventRounds "7"]
[EventCountry "DEN"]
[SourceTitle "EXT 2023"]
[Source "ChessBase"]
[SourceDate "2022.10.05"]
[SourceVersion "1"]
[SourceVersionDate "2022.10.05"]
[SourceQuality "1"]

1. c4 e5 2. Nc3 Nf6 3. d3 c6 4. Nf3 Qc7 5. g3 Bb4 6. Bd2 d5 7. cxd5 Nxd5 8. Bg2 0-0 9. Rc1 Nxc3 10. Bxc3 a5 11. Nd2 b5 12. 0-0 Bb7 13. Ne4 Nd7 14. a3 Bxc3 15. Nxc3 Qb6 16. Ne4 Rac8 17. Nd6 Rc7 18. Nxb7 Qxb7 19. d4 Qb6 20. d5 cxd5 21. Bxd5 Nf6 22. Bg2 e4 23. Qd2 Rd7 24. Qf4 Qe6 25. Rfd1 Rxd1+ 26. Rxd1 h6 27. h4 Re8 28. Qc1 Rc8 29. Qe3 b4 30. axb4 axb4 31. f3 Rc4 32. Rd8+ Kh7 33. Kh2 Nd5 34. Qd2 Nf6 35. Bh3 Qb6 36. e3 exf3 37. Qd3+ g6 38. Rf8 Qc7 39. Be6 Rxh4+ 0-1

[Event "Taastrup Spil Naar Du Vil V"]
[Site "Taastrup"]
[Date "2010.04.22"]
[Round "4"]
[White "Meldal, Peter"]
[Black "Foslund, Peter"]
[Result "0-1"]
[WhiteElo "1177"]
[BlackElo "1538"]
[PlyCount "64"]
[EventDate "2010.03.25"]
[EventType "swiss"]
[EventRounds "7"]
[EventCountry "DEN"]
[SourceTitle "EXT 2023"]
[Source "ChessBase"]
[SourceDate "2022.10.05"]
[SourceVersion "1"]
[SourceVersionDate "2022.10.05"]
[SourceQuality "1"]

1. e4 c5 2. Nf3 Nc6 3. Bb5 d6 4. 0-0 Bd7 5. c3 e5 6. Re1 Nge7 7. d3 Ng6 8. Be3 Be7 9. d4 a6 10. Bxc6 bxc6 11. dxe5 dxe5 12. Nbd2 Be6 13. Qa4 Qb6 14. Rab1 Qb5 15. Qxb5 cxb5 16. Rbc1 c4 17. Ra1 0-0 18. a4 b4 19. Rec1 Rfc8 20. Nb1 a5 21. cxb4 axb4 22. Ng5 Bd7 23. Nd2 f6 24. Ngf3 Be6 25. a5 Rc6 26. b3 c3 27. Nf1 Bc5 28. Ra4 Bxb3 29. Bxc5 Bxa4 30. Bxb4 Nf4 31. Rxc3 Ne2+ 32. Kh1 Nxc3 0-1

[Event "Taastrup Spil Naar Du Vil V"]
[Site "Taastrup"]
[Date "2010.04.08"]
[Round "2"]
[White "Kirkebaekke, Mark"]
[Black "Foslund, Peter"]
[Result "0-1"]
[WhiteElo "1423"]
[BlackElo "1538"]
[PlyCount "50"]
[EventDate "2010.03.25"]
[EventType "swiss"]
[EventRounds "7"]
[EventCountry "DEN"]
[SourceTitle "EXT 2023"]
[Source "ChessBase"]
[SourceDate "2022.10.05"]
[SourceVersion "1"]
[SourceVersionDate "2022.10.05"]
[SourceQuality "1"]

1. e4 c5 2. c3 d5 3. exd5 Qxd5 4. Nf3 e5 5. b3 Nc6 6. Bc4 Qe4+ 7. Kf1 f6 8. d3 Qf5 9. Bd5 Qd7 10. c4 Nge7 11. Bxc6 Nxc6 12. Nc3 Nb4 13. Ne1 b6 14. Ke2 Bb7 15. f3 Nc6 16. Nc2 Nd4+ 17. Nxd4 cxd4 18. Nb5 a6 19. Na3 Be7 20. Nc2 0-0 21. a4 a5 22. Bd2 f5 23. Qc1 Rae8 24. Kf2 e4 25. dxe4 fxe4 0-1

[Event "Taastrup Spil Naar Du Vil IV 2003"]
[Site "Taastrup"]
[Date "2009.04.30"]
[Round "5"]
[White "Foslund, Peter"]
[Black "Ghavamabadi, Mehdi"]
[Result "1-0"]
[WhiteElo "1623"]
[BlackElo "1233"]
[PlyCount "131"]
[EventDate "2009.03.26"]
[EventType "swiss"]
[EventRounds "7"]
[EventCountry "DEN"]
[SourceTitle "EXT 2023"]
[Source "ChessBase"]
[SourceDate "2022.10.05"]
[SourceVersion "1"]
[SourceVersionDate "2022.10.05"]
[SourceQuality "1"]

1. c4 e5 2. Nc3 c6 3. e4 f5 4. d3 Nf6 5. exf5 d6 6. Qf3 Be7 7. Bg5 0-0 8. Ne4 Qa5+ 9. Bd2 Qb6 10. Rb1 Nbd7 11. Be2 Nxe4 12. dxe4 Nf6 13. Bd3 Bd7 14. Ne2 c5 15. 0-0 Bc6 16. Nc3 Rad8 17. Rfe1 Qc7 18. Nd5 Qd7 19. b4 Nxd5 20. cxd5 Bb5 21. bxc5 Bxd3 22. Qxd3 dxc5 23. Qb3 Bd6 24. Qxb7 Qa4 25. Qb3 Qa6 26. Qg3 Qxa2 27. Bh6 Rf7 28. Ra1 Qc2 29. Rac1 Qa4 30. Rb1 Rc8 31. Bd2 c4 32. Qc3 Re7 33. g4 Qe8 34. Rb2 Qf7 35. Reb1 g6 36. Qg3 Bc5 37. Bc3 Bd4 38. Rb8 Ree8 39. Rxc8 Rxc8 40. Kh1 Qg7 41. Qf3 Qf7 42. h4 h6 43. Bd2 Qh7 44. Bc3 Rf8 45. Rc1 Qc7 46. f6 Qc5 47. Kg2 a5 48. g5 h5 49. Qd1 Bxf2 50. Bxe5 Bxh4 51. Qd2 Qc8 52. Qf4 Qg4+ 53. Qxg4 hxg4 54. Bf4 Rc8 55. e5 c3 56. d6 Kf7 57. Rh1 Rc4 58. d7 Rd4 59. Rxh4 Rxd7 60. Kf2 Ke6 61. Rxg4 c2 62. Ke2 Kf5 63. e6 Kxe6 64. Bd2 Rd5 65. Re4+ Kf7 66. Re7+ 1-0

[Event "Taastrup Weekend B"]
[Site "Taastrup"]
[Date "2001.09.09"]
[Round "5"]
[White "Overmark, Ole"]
[Black "Foslund, Peter"]
[Result "0-1"]
[WhiteElo "1673"]
[BlackElo "1630"]
[PlyCount "80"]
[EventDate "2001.09.07"]
[EventType "tourn"]
[EventRounds "5"]
[EventCountry "DEN"]
[SourceTitle "EXT 2023"]
[Source "ChessBase"]
[SourceDate "2022.10.05"]
[SourceVersion "1"]
[SourceVersionDate "2022.10.05"]
[SourceQuality "1"]

1. e4 c5 2. Nf3 Nc6 3. d4 cxd4 4. c3 dxc3 5. Nxc3 d6 6. Bc4 e6 7. 0-0 a6 8. a3 b5 9. Ba2 Be7 10. Qe2 Bb7 11. Rd1 Qc7 12. Bf4 Ne5 13. Bxe5 dxe5 14. Rac1 Qb8 15. Nxb5 axb5 16. Qxb5+ Kf8 17. Nxe5 Nf6 18. f3 g6 19. Nd7+ Nxd7 20. Qxd7 Bc8 21. Qd2 Kg7 22. Qc2 Bg5 23. Rb1 Rd8 24. Rxd8 Bxd8 25. g3 Ba6 26. a4 Qb6+ 27. Kg2 Rc8 28. Qd2 Qc6 29. Bb3 h6 30. Qd4+ Bf6 31. e5 Be7 32. h4 h5 33. Re1 Rd8 34. Qf4 Rb8 35. Rc1 Qb7 36. Rc3 Qb4 37. Qc1 Bd8 38. Qc2 Qd4 39. f4 Ba5 40. Rf3 Bb7 0-1

[Event "Taastrup op"]
[Site "Taastrup"]
[Date "2001.02.17"]
[Round "9"]
[White "Foslund, Peter"]
[Black "Zyde, Fadmal"]
[Result "0-1"]
[WhiteElo "1649"]
[BlackElo "1700"]
[PlyCount "113"]
[EventDate "2001.01.19"]
[EventType "swiss"]
[EventRounds "9"]
[EventCountry "DEN"]
[SourceTitle "EXT 2018"]
[Source "ChessBase"]
[SourceDate "2017.10.13"]
[SourceVersion "1"]
[SourceVersionDate "2017.10.13"]
[SourceQuality "1"]

1. c4 Nf6 2. Nc3 Nc6 3. d3 e5 4. g3 d5 5. cxd5 Nxd5 6. Bg2 Bb4 7. Bd2 Bxc3 8. bxc3 Qd6 9. Qb3 Nb6 10. Nf3 Be6 11. c4 0-0 12. Ng5 Nd4 13. Qb1 Rab8 14. e3 Nc6 15. Nxe6 Qxe6 16. a4 Rfd8 17. a5 Na8 18. 0-0 Qd7 19. d4 exd4 20. exd4 Qxd4 21. Be3 Qxc4 22. Rc1 Qe6 23. a6 bxa6 24. Qc2 Nd4 25. Bxd4 Rxd4 26. Bxa8 Rxa8 27. Qxc7 Qb6 28. Qc3 Rad8 29. Qf3 Rd3 30. Qf5 g6 31. Qf4 a5 32. Rcb1 Qc6 33. Rd1 Qd6 34. Qxd6 R3xd6 35. Rxd6 Rxd6 36. Rxa5 Rd7 37. h4 h5 38. Kg2 Kf8 39. Kf3 Ke8 40. Ra4 Ke7 41. g4 hxg4+ 42. Kxg4 Kd6 43. h5 gxh5+ 44. Kxh5 Kc6 45. f4 Kb5 46. Ra1 a5 47. f5 a4 48. Kh6 Ra7 49. f6 a3 50. Kg7 Kb4 51. Re1 a2 52. Rh1 Rb7 53. Rh4+ Ka3 54. Rh3+ Rb3 55. Rxb3+ Kxb3 56. Kxf7 a1Q 57. Ke8 0-1

[Event "Taastrup op"]
[Site "Taastrup"]
[Date "2001.01.27"]
[Round "5"]
[White "Jensen, Dan Bronnum"]
[Black "Foslund, Peter"]
[Result "0-1"]
[WhiteElo "1364"]
[BlackElo "1649"]
[PlyCount "82"]
[EventDate "2001.01.19"]
[EventType "swiss"]
[EventRounds "9"]
[EventCountry "DEN"]
[SourceTitle "EXT 2018"]
[Source "ChessBase"]
[SourceDate "2017.10.13"]
[SourceVersion "1"]
[SourceVersionDate "2017.10.13"]
[SourceQuality "1"]

1. d4 Nf6 2. c4 c6 3. Nc3 d5 4. cxd5 cxd5 5. Nf3 e6 6. Bg5 Be7 7. e3 0-0 8. Bd3 h6 9. Bf4 a6 10. 0-0 Nc6 11. a3 b5 12. Ne5 Nxe5 13. Bxe5 Nd7 14. Bg3 f5 15. Ne2 Nf6 16. Nf4 Qe8 17. Rc1 Bd7 18. f3 g5 19. Ne2 Rc8 20. Qd2 Qd8 21. Rxc8 Bxc8 22. Rc1 Bd6 23. Bxd6 Qxd6 24. Rc2 Bd7 25. Qc1 Ra8 26. Qe1 e5 27. dxe5 Qxe5 28. Qf2 Re8 29. Ng3 f4 30. Nf1 fxe3 31. Qe2 d4 32. Qe1 Bf5 33. Bxf5 Qxf5 34. Rc6 Re6 35. Rc8+ Kf7 36. Qb4 e2 37. Qe1 exf1Q+ 38. Qxf1 d3 39. Rd8 Qc5+ 40. Kh1 Qc2 41. Rxd3 Qxd3 0-1

[Event "Taastrup op"]
[Site "Taastrup"]
[Date "2000.01.23"]
[Round "3"]
[White "Foslund, Peter"]
[Black "Tolstrup, Thomas"]
[Result "0-1"]
[WhiteElo "1576"]
[BlackElo "1882"]
[PlyCount "90"]
[EventDate "2000.01.21"]
[EventType "swiss"]
[EventRounds "9"]
[EventCountry "DEN"]
[SourceTitle "EXT 2001"]
[Source "ChessBase"]
[SourceDate "2000.11.22"]
[SourceVersion "1"]
[SourceVersionDate "2000.11.22"]
[SourceQuality "1"]

1. c4 Nf6 2. Nc3 c5 3. Nf3 g6 4. g3 Bg7 5. Bg2 0-0 6. 0-0 Nc6 7. d3 d5 8. cxd5 Nxd5 9. Nxd5 Qxd5 10. a3 Qd6 11. Qc2 Bd7 12. Be3 b6 13. Rac1 Rac8 14. Qb1 h6 15. Nd2 e5 16. Ne4 Qe7 17. Nc3 Be6 18. Bd5 Bxd5 19. Nxd5 Qe6 20. Nc3 Kh7 21. Kg2 f5 22. f3 Nd4 23. Rf2 Rfe8 24. Rd1 Qc6 25. Bd2 b5 26. e4 b4 27. axb4 cxb4 28. Ne2 a5 29. Nxd4 exd4 30. b3 Qb5 31. Be1 Re6 32. Rc2 Rxc2+ 33. Qxc2 Rc6 34. Qe2 Qc5 35. exf5 gxf5 36. g4 Qd5 37. gxf5 Qxb3 38. Rd2 Bf6 39. Rb2 Qg8+ 40. Kh1 Qg5 41. Qe4 Rc1 42. Re2 Qg7 43. Rg2 Qe7 44. Rg1 Qxe4 45. fxe4 b3 0-1